00378cam a2200121K 450008200160000010000200001624500340003626000500007030000100012049000900013050000250022065000110024504a631.811 OGG1 aOgg, William G.10aChemistry and crop nutrition. aLondon,c1955.bRoyal Institiute of chemistry a14 p.1 aRoyal Institute of Chemistry. Lectures, monographs and reports, 1955,No.5  aNintb Dalton Lecture 0aPlants